Estimating for rehabilitation (Record no. 91604)

MARC details
000 -LEADER
fixed length control field 00462cam a2200181 4500
001 - CONTROL NUMBER
control field J1674
008 - FIXED-LENGTH DATA ELEMENTS--GENERAL INFORMATION
fixed length control field 090401t1981 xxu||||| |||| 00| 0 eng d
035 ## - SYSTEM CONTROL NUMBER
System control number (Sirsi) u44834
041 ## - LANGUAGE CODE
Language code of text/sound track or separate title eng
110 ## - MAIN ENTRY--CORPORATE NAME
Corporate name or jurisdiction name as entry element Chartered Institute of Building Estimating Section
9 (RLIN) 2132
245 ## - TITLE STATEMENT
Title Estimating for rehabilitation
260 ## - PUBLICATION, DISTRIBUTION, ETC.
Name of publisher, distributor, etc. CIOB
Date of publication, distribution, etc. 1981
300 ## - PHYSICAL DESCRIPTION
Extent 4p
350 ## - PRICE (NR) (BK AM CF MU VM SE) [OBSOLETE]
Price 0
490 ## - SERIES STATEMENT
Series statement Estimating rehabilitation service
Volume/sequential designation no 42
942 ## - ADDED ENTRY ELEMENTS (KOHA)
Suppress in OPAC 0
948 ## - LOCAL PROCESSING INFORMATION (OCLC); SERIES PART DESIGNATOR (RLIN)
c (OCLC) 04/03/1997
Holdings
Withdrawn status Lost status Source of classification or shelving scheme Damaged status Not for loan Home library Current library Shelving location Date acquired Total Checkouts Full call number Barcode Date last seen Copy number Price effective from Koha item type
    Other/Generic Classification Scheme     London London Boxed set 13/07/1993   BOXED SET 30034431 06/08/2019 1 06/08/2019 Book